000 00829nam a2200265 a 4500
001 000009754
003 DO-SdBNP
005 20240319114520.0
007 ta
008 091001s2005 dr 000 p spa d
020 _a9993479551
040 _aDO-SdBNP
_bspa
_cBNPHU
082 _aB869.14
_bC369m
_222
100 1 _aCatunda Gomes, Márcio,
_d1979-
_924658
245 1 0 _aMadrid y otros idilios /
_cMárcio Catunda Gomes ; edición Dario Tejeda.
260 _aSanto Domingo :
_bBúho,
_c2005.
300 _a115 p. ;
_c22 cm.
500 _aIncluye datos biográficos del autor en la contracubierta
590 _aInventariado, 2022/MFF
650 4 _aPoesía brasileña
_9822
650 4 _aLiteratura brasileña
_9823
700 1 _aTejeda, Darío
_eed.
_92540
910 _aValidado. Control de validad MFF
942 _2ddc
_cLBS1
999 _c9514
_d9514